000 01432cam a2200421 i 4500
001 1099
003 KOSZ 005
005 20200507120339.0
008 200507s1971 pl a f f 000 0 pol
015 _aPB 1971/11535
040 _aWA N
_cWA N
_dKOSZ005/HR
_dKOSZ005/RW
046 _k1971
080 _a621.01
080 _a539.3/.6
080 _a531.2
080 _a(075.8)
100 1 _aRżysko, Jerzy
_d(1926-1988)
_eAutor
245 1 0 _aStatyka i wytrzymałość materiałów /
_cJerzy Rżysko.
260 _aWarszawa :
_bPaństwowe Wydawnictwo Naukowe,
_c1971.
300 _a462, [6] strony :
_bilustracje ;
_c25 cm.
336 _aTekst
_btxt
_2rdacontent
337 _aBez urządzenia pośredniczącego
_bn
_2rdamedia
338 _aTekst
_btxt
_2rdacarrier
380 _aKsiążki
380 _aPublikacje dydaktyczne
385 _mPoziom nauczania
_aSZkoły wyższe
388 _a1901-2000
388 _a1945-1989
504 _aBibliografia na stronie [467].
521 8 _aPodręcznik dla wydziałów mechanicznych politechnik. Kurs inżynierski.
650 7 _aWytrzymałość materiałów
650 7 _aStatyka
655 7 _aPodręczniki akademickie
658 _aInżynieria i technika
710 2 _aPaństwowe Wydawnictwo Naukowe
_4pbl.
856 _uhttp://koha.tu.koszalin.pl/cgi-bin/koha/opac-detail.pl?biblionumber=1099
_yKatalog online BPK
942 _2UKD
_cKS
999 _c1099
_d1099